000 00543nam a2200181Ia 4500
005 20250326143622.0
008 250326s9999 xx 000 0 und d
037 _aTextbook
040 _aFMSL
_beng
_cFMSL
041 _aeng
_2eng
084 _aXobT.44 P4
_qFMSL
100 _aJohnes G
_9748282
245 0 _aInternational handbook on the conomics of education
_cJohnes G; Johnes J
260 _aUnited Kingdom
_bUnited Kingdom, Edward Elgar
_c2004
300 _a860p
942 _cTB
_hXobT.44 P4
999 _c1300296
_d1300296